000 01688nam a22002297a 4500
005 20250425105246.0
008 250424b |||||||| |||| 00| 0 eng d
020 _a9789351611233
040 _cAIMIT LIBRARY
082 _21
_a658.3
_bGUPC
100 _aC.B.Gupta
_9208760
245 _aHuman resource management :
_btext and cases /
_cBy C.B. Gupta.
250 _a1st ed.
260 _aNew Delhi :
_bSultan Chand and Sons,
_c2023.
300 _axxii,38.36,A.40
_bPB
_c25cm.
500 _aThis book is an excellent work pertaining to HRM. All the topics are systematically arranged and analytically presented. It adopts a contemporary approach. The major strength of book is that it gives lot of insights about the practicality of the concepts from the Indian perspective. The summary, test questions and the case studies given at the end of every chapter add lot of value to this book. The bibliography is extensive. The author has also included various types of end of chapter application exercise to help students begin to apply what they have learned. Human Resource Management text has much to offer and is worth consideration for undergraduate and postgraduate students. Salient features Systematic arrangement and analytical presentation of the subject matter Contemporary approach Comprehensive arrangement of topics Insights from Indian Industries in the form of boxes Provides an in depth understanding of the subject
650 _aAcquiring human resources
_9208761
650 _aDeveloping human resources
_9208762
650 _aManaging performance and compensation
_9208763
650 _aMaintaining and retaining human resources
_9208764
942 _2ddc
_cBK
_k658.3 GUPC
999 _c234227
_d234227